000
00270nam a2200109Ia 4500
008
200302s9999 xx 000 0 und d
100
_a
Rupika Chawla
245
_a
Raja Ravi Varma Painter Of Colonial India
260
_b
Mapin Publishing
260
_c
2014
300
_a
360 P
999
_c
4384
_d
4384